[Event "Osasco Carvalho Memorial"]
[Site "Osasco"]
[Date "2022.02.19"]
[Round "3"]
[White "Ladeira, Paulo Ribeiro Soare"]
[Black "De Paula, Luan Araujo"]
[Result "0-1"]
[WhiteElo "1376"]
[BlackElo "1715"]
[PlyCount "56"]
[EventDate "2022.02.18"]
[EventType "swiss"]
[EventRounds "6"]
[EventCountry "BRA"]
[SourceTitle "CBM 207 Extra"]
[Source "ChessBase"]
[SourceDate "2022.05.31"]
[SourceVersion "1"]
[SourceVersionDate "2022.05.31"]
[SourceQuality "1"]

1. f4 e5 2. fxe5 d6 3. exd6 Bxd6 4. Nf3 g5 5. g3 f5 6. d3 h6 7. b3 Qf6 8. d4 g4 9. Nh4 f4 10. Qd3 Ne7 11. e4 fxe3 12. Qxe3 Nbc6 13. Bb2 Bd7 14. Nd2 Qg5 15. Qxg5 hxg5 16. d5 Ne5 17. Nc4 gxh4 18. Nxe5 Rh5 19. Nxd7 Kxd7 20. 0-0-0 hxg3 21. Bg2 Rxh2 22. Be4 Rf8 23. Bd4 Rf4 24. Rhe1 a5 25. Rd2 Nf5 26. Bg1 Rxd2 27. Kxd2 Nh4 28. Ke2 Rxe4+ 0-1

[Event "Sao Paulo op-C U1700 8th"]
[Site "Sao Paulo"]
[Date "2019.10.20"]
[Round "5"]
[White "Ladeira, Paulo Ribeiro Soare"]
[Black "Silva, Vitto Carlo"]
[Result "0-1"]
[WhiteElo "1797"]
[BlackElo "1750"]
[PlyCount "73"]
[EventDate "2019.10.17"]
[EventType "swiss"]
[EventRounds "6"]
[EventCountry "BRA"]
[SourceTitle "CBM 192 Extra"]
[Source "Chessbase"]
[SourceDate "2019.11.06"]
[SourceVersion "1"]
[SourceVersionDate "2019.11.06"]
[SourceQuality "1"]

1. b4 e6 2. Bb2 Nf6 3. b5 c6 4. c4 cxb5 5. cxb5 Be7 6. e3 0-0 7. Nf3 d5 8. Be2 Bd7 9. a4 Qb6 10. 0-0 a6 11. Nc3 axb5 12. axb5 Rxa1 13. Bxa1 Rc8 14. Qb3 Qd6 15. Bb2 Ne8 16. Ra1 b6 17. Ra8 Qb4 18. Qxb4 Bxb4 19. Ne5 Nd6 20. Nxd7 Nxd7 21. Rxc8+ Nxc8 22. d4 Nd6 23. Na4 Ba5 24. Bc3 Bxc3 25. Nxc3 f6 26. f4 Kf7 27. g4 h6 28. Kg2 g5 29. Kg3 e5 30. fxe5 fxe5 31. Nxd5 Ne4+ 32. Kg2 Ke6 33. Nc7+ Kd6 34. Na6 exd4 35. Kf3 Ke5 36. Bd3 Nec5 37. e4 0-1

[Event "Sao Paulo op-C U1700 8th"]
[Site "Sao Paulo"]
[Date "2019.10.19"]
[Round "3"]
[White "De Souza, Ana Lucia Silva"]
[Black "Ladeira, Paulo Ribeiro Soare"]
[Result "1-0"]
[WhiteElo "1481"]
[BlackElo "1797"]
[PlyCount "89"]
[EventDate "2019.10.17"]
[EventType "swiss"]
[EventRounds "6"]
[EventCountry "BRA"]
[SourceTitle "CBM 192 Extra"]
[Source "Chessbase"]
[SourceDate "2019.11.06"]
[SourceVersion "1"]
[SourceVersionDate "2019.11.06"]
[SourceQuality "1"]

1. e4 c5 2. Nf3 Nc6 3. d4 cxd4 4. Nxd4 e5 5. Nb5 d6 6. Bd3 a6 7. N5c3 Nf6 8. Bg5 Be7 9. 0-0 0-0 10. Nd2 Be6 11. Kh1 Nd7 12. Bxe7 Qxe7 13. Nd5 Bxd5 14. exd5 Nb4 15. Bc4 b5 16. Bb3 Nf6 17. Nb1 Qb7 18. Nc3 a5 19. a3 Na6 20. Qd3 b4 21. Ne4 Nxe4 22. Qxe4 Nc5 23. Qe3 Nxb3 24. Qxb3 a4 25. Qxb4 Qxb4 26. axb4 Rfb8 27. c3 f5 28. Kg1 Kf7 29. Ra3 Rb5 30. Rd1 Kf6 31. b3 Rbb8 32. bxa4 e4 33. b5 f4 34. Kf1 e3 35. fxe3 fxe3 36. Ke2 Re8 37. Rd3 Re5 38. a5 Kg6 39. b6 Rf8 40. Rxe3 Rxd5 41. a6 Rb5 42. b7 Rb2+ 43. Kd3 d5 44. Rg3+ Kh6 45. a7 1-0

[Event "IECC Swiss-568.1"]
[Site "IECC email"]
[Date "2013.05.08"]
[Round "?"]
[White "McKendry, Matthew"]
[Black "Ladeira, Paulo Ribeiro Soare"]
[Result "1/2-1/2"]
[WhiteElo "1578"]
[BlackElo "1174"]
[PlyCount "106"]
[EventDate "2013.??.??"]
[EventType "swiss (corr)"]
[EventRounds "1"]
[SourceTitle "Telechess CBM 165"]
[Source "ChessBase"]
[SourceDate "2015.03.11"]
[SourceVersion "1"]
[SourceVersionDate "2015.03.11"]
[SourceQuality "1"]
[WhiteTeam "US of America"]
[BlackTeam "Brazil"]
[WhiteTeamCountry "USA"]
[BlackTeamCountry "BRA"]

1. e4 Nf6 2. e5 Nd5 3. d4 d6 4. Nf3 dxe5 5. Nxe5 c6 6. Be2 Bf5 7. 0-0 Nd7 8. Nf3 e6 9. Bd2 Qb6 10. Nc3 Be7 11. Nxd5 cxd5 12. Bd3 Bxd3 13. cxd3 0-0 14. Ne5 Nxe5 15. dxe5 Qxb2 16. Rb1 Qxe5 17. Rxb7 Bd6 18. g3 Qf5 19. Bb4 Bxb4 20. Rxb4 Rab8 21. Rxb8 Rxb8 22. Qa4 Qxd3 23. Qxa7 Qb5 24. Rc1 g6 25. a4 Qb7 26. Qxb7 Rxb7 27. Rc8+ Kg7 28. Ra8 d4 29. a5 d3 30. Rd8 Ra7 31. Kg2 Rxa5 32. Rxd3 Ra2 33. Kf3 Kf6 34. g4 g5 35. h3 Ra1 36. Kg3 h6 37. f4 Ra4 38. fxg5+ hxg5 39. h4 gxh4+ 40. Kxh4 Kg6 41. Re3 Ra6 42. Re5 f6 43. Re4 e5 44. Rc4 Re6 45. Rc8 e4 46. Rc2 e3 47. Re2 Re4 48. Kg3 Kg5 49. Kf3 Rxg4 50. Rxe3 Ra4 51. Rb3 f5 52. Re3 Rd4 53. Ra3 Rc4 1/2-1/2

[Event "BI-2013-P-00008"]
[Site "LSS email"]
[Date "2013.04.22"]
[Round "?"]
[White "Ladeira, Paulo Ribeiro Soare"]
[Black "Boehme, Sebastian"]
[Result "0-1"]
[WhiteElo "869"]
[BlackElo "2309"]
[PlyCount "56"]
[EventDate "2013.04.25"]
[EventType "tourn (corr)"]
[EventRounds "12"]
[EventCountry "GER"]
[SourceTitle "Telechess CBM 161"]
[Source "ChessBase"]
[SourceDate "2014.07.16"]
[SourceVersion "1"]
[SourceVersionDate "2014.07.16"]
[SourceQuality "1"]

1. b4 e5 2. Bb2 Bxb4 3. Bxe5 Nf6 4. c4 0-0 5. a3 Ba5 6. Nf3 d5 7. cxd5 Nxd5 8. e3 Re8 9. Bb2 Bf5 10. Bc4 Nb6 11. Be2 c5 12. 0-0 Nc6 13. d4 c4 14. Nfd2 Qg5 15. Bc3 Nd5 16. Bxa5 Nxa5 17. Nf3 Qd8 18. Qe1 Nb3 19. Ra2 Bxb1 20. Qxb1 Nc3 21. Qb2 Nxa2 22. Bxc4 Nac1 23. Bxb3 Nxb3 24. Qxb3 Qb6 25. Qd3 Rac8 26. h3 Qa5 27. Rb1 Rc3 28. Qb5 Qxb5 0-1

[Event "BI-2013-P-00008"]
[Site "LSS email"]
[Date "2013.04.22"]
[Round "?"]
[White "Ladeira, Paulo Ribeiro Soare"]
[Black "Perez, Giorgio"]
[Result "1-0"]
[WhiteElo "869"]
[BlackElo "1716"]
[PlyCount "67"]
[EventDate "2013.04.25"]
[EventType "tourn (corr)"]
[EventRounds "12"]
[EventCountry "GER"]
[SourceTitle "Telechess CBM 161"]
[Source "ChessBase"]
[SourceDate "2014.07.16"]
[SourceVersion "1"]
[SourceVersionDate "2014.07.16"]
[SourceQuality "1"]

1. b4 e5 2. Bb2 Bxb4 3. Bxe5 Nf6 4. c4 0-0 5. a3 Be7 6. Nf3 d6 7. Bb2 Ng4 8. d4 c5 9. d5 Bf6 10. Bxf6 Qxf6 11. Nbd2 Nd7 12. e4 Nge5 13. Nxe5 Nxe5 14. Be2 Qg6 15. 0-0 Bh3 16. Bf3 Qg5 17. Ra2 Ng6 18. Kh1 Bd7 19. g3 Bh3 20. Bg2 Bxg2+ 21. Kxg2 Rae8 22. f4 Qd8 23. Rb2 b6 24. Re1 Re7 25. Nb1 Rfe8 26. Nc3 f5 27. Rbe2 fxe4 28. Rxe4 Rxe4 29. Nxe4 h6 30. Qh5 Kh7 31. Ng5+ Kg8 32. Qxg6 Rxe1 33. Qh7+ Kf8 34. Qh8+ 1-0

[Event "BI-2013-P-00008"]
[Site "LSS email"]
[Date "2013.04.22"]
[Round "?"]
[White "Sienkiewicz, Wojciech"]
[Black "Ladeira, Paulo Ribeiro Soare"]
[Result "1/2-1/2"]
[WhiteElo "2156"]
[BlackElo "869"]
[PlyCount "49"]
[EventDate "2013.04.25"]
[EventType "tourn (corr)"]
[EventRounds "12"]
[EventCountry "GER"]
[SourceTitle "Telechess CBM 161"]
[Source "ChessBase"]
[SourceDate "2014.07.16"]
[SourceVersion "1"]
[SourceVersionDate "2014.07.16"]
[SourceQuality "1"]

1. d4 e6 2. c4 b6 3. Nf3 Bb7 4. g3 Bb4+ 5. Bd2 Bxf3 6. exf3 Bxd2+ 7. Qxd2 d5 8. Nc3 Ne7 9. cxd5 Nxd5 10. Bg2 Nc6 11. 0-0 Nce7 12. Nxd5 Nxd5 13. f4 0-0 14. Rac1 Rc8 15. Rc4 Qd6 16. Rfc1 Rfd8 17. Qc2 Qd7 18. a3 a5 19. h4 h5 20. Qe2 g6 21. R4c2 c6 22. Qa6 Ra8 23. Qd3 Rac8 24. Qb3 Qb7 25. Qa4 1/2-1/2

[Event "BI-2013-P-00008"]
[Site "LSS email"]
[Date "2013.04.22"]
[Round "?"]
[White "Thurrott, Allan"]
[Black "Ladeira, Paulo Ribeiro Soare"]
[Result "1-0"]
[WhiteElo "2057"]
[BlackElo "869"]
[PlyCount "47"]
[EventDate "2013.04.25"]
[EventType "tourn (corr)"]
[EventRounds "12"]
[EventCountry "GER"]
[SourceTitle "Telechess CBM 161"]
[Source "ChessBase"]
[SourceDate "2014.07.16"]
[SourceVersion "1"]
[SourceVersionDate "2014.07.16"]
[SourceQuality "1"]

1. e4 Nf6 2. e5 Nd5 3. d4 d6 4. Nf3 dxe5 5. Nxe5 g6 6. Bc4 c6 7. 0-0 Bg7 8. Re1 0-0 9. Bb3 Be6 10. Nd2 Nd7 11. Nef3 Nc7 12. Ne4 Bd5 13. c4 Bxe4 14. Rxe4 Re8 15. Bf4 c5 16. d5 e5 17. Bg5 f6 18. Bh4 g5 19. Bc2 gxh4 20. Nxh4 Nf8 21. Nf5 Ng6 22. Qg4 Na6 23. h4 Qc7 24. h5 1-0

[Event "BI-2013-P-00008"]
[Site "LSS email"]
[Date "2013.04.22"]
[Round "?"]
[White "Vodicka, Milan"]
[Black "Ladeira, Paulo Ribeiro Soare"]
[Result "1-0"]
[WhiteElo "1935"]
[BlackElo "869"]
[PlyCount "59"]
[EventDate "2013.04.25"]
[EventType "tourn (corr)"]
[EventRounds "12"]
[EventCountry "GER"]
[SourceTitle "Telechess CBM 161"]
[Source "ChessBase"]
[SourceDate "2014.07.16"]
[SourceVersion "1"]
[SourceVersionDate "2014.07.16"]
[SourceQuality "1"]

1. d4 Nf6 2. c4 e6 3. Nf3 b6 4. a3 Ba6 5. Qc2 c5 6. e4 cxd4 7. e5 Ng8 8. Nxd4 Bb7 9. Nc3 Bc5 10. Ndb5 a6 11. b4 Be7 12. Nd6+ Bxd6 13. exd6 Nf6 14. f3 Nc6 15. Be3 0-0 16. Be2 e5 17. Qd2 Re8 18. 0-0 Re6 19. c5 bxc5 20. bxc5 Rb8 21. Rab1 a5 22. Nb5 Rc8 23. Bg5 h6 24. Bh4 g5 25. Bf2 e4 26. Nc7 Rxc7 27. dxc7 Qxc7 28. Bc4 Re8 29. Bg3 Qc8 30. fxe4 1-0

[Event "SN-2013-0-00499"]
[Site "LSS email"]
[Date "2013.04.04"]
[Round "?"]
[White "Ladeira, Paulo Ribeiro Soare"]
[Black "Holmquist, Marson C"]
[Result "1-0"]
[WhiteElo "869"]
[BlackElo "593"]
[PlyCount "27"]
[EventDate "2013.03.14"]
[EventType "tourn (corr)"]
[EventRounds "6"]
[EventCountry "GER"]
[SourceTitle "Corr 2015"]
[Source "ChessBase"]
[SourceDate "2015.07.17"]
[SourceVersion "1"]
[SourceVersionDate "2015.07.17"]
[SourceQuality "1"]

1. b4 b5 2. Bb2 Nc6 3. a3 a5 4. e3 a4 5. Bxb5 Bb7 6. Nf3 e5 7. Nxe5 Nxe5 8. Bxe5 f6 9. Bb2 Bxg2 10. Rg1 Bb7 11. Nc3 Bd6 12. Rxg7 Bxh2 13. Qh5+ Kf8 14. Qf7# 1-0

[Event "SN-2013-0-00493"]
[Site "LSS email"]
[Date "2013.03.01"]
[Round "?"]
[White "Sagi, Raju"]
[Black "Ladeira, Paulo Ribeiro Soare"]
[Result "0-1"]
[WhiteElo "484"]
[BlackElo "869"]
[PlyCount "36"]
[EventDate "2013.02.07"]
[EventType "tourn (corr)"]
[EventRounds "6"]
[EventCountry "GER"]
[SourceTitle "Corr 2015"]
[Source "ChessBase"]
[SourceDate "2015.07.17"]
[SourceVersion "1"]
[SourceVersionDate "2015.07.17"]
[SourceQuality "1"]

1. e4 Nf6 2. d3 e5 3. Nf3 Nc6 4. Nc3 h6 5. Be2 Bc5 6. 0-0 0-0 7. Be3 Bb6 8. Bxb6 axb6 9. Nd5 d6 10. Nxf6+ Qxf6 11. g3 Be6 12. a3 Rfe8 13. Nh4 g5 14. Nf5 Bxf5 15. Bg4 Bxg4 16. Qxg4 Nd4 17. c3 Qf3 18. Qd7 Ne2# 0-1

[Event "SN-2013-0-00491"]
[Site "LSS email"]
[Date "2013.02.19"]
[Round "?"]
[White "Ladeira, Paulo Ribeiro Soare"]
[Black "Puri, Chaand"]
[Result "1-0"]
[WhiteElo "872"]
[BlackElo "566"]
[PlyCount "73"]
[EventDate "2013.02.01"]
[EventType "tourn (corr)"]
[EventRounds "6"]
[EventCountry "GER"]
[SourceTitle "Telechess CBM 167"]
[Source "ChessBase"]
[SourceDate "2015.07.13"]
[SourceVersion "1"]
[SourceVersionDate "2015.07.13"]
[SourceQuality "1"]

1. b4 d5 2. Bb2 Bf5 3. e3 e6 4. Nf3 Nc6 5. b5 Nb4 6. Nd4 Nf6 7. Nxf5 exf5 8. a3 Nxc2+ 9. Qxc2 Qd7 10. d4 Bd6 11. Nc3 0-0-0 12. Bd3 Rhe8 13. Bxf5 Re6 14. Bxe6 Qxe6 15. 0-0 b6 16. h3 h6 17. Rac1 g5 18. Ne2 Qe4 19. Qxe4 Nxe4 20. Rc2 f5 21. Nc3 f4 22. Nxd5 Rd7 23. exf4 Bxf4 24. Nxf4 gxf4 25. f3 Ng3 26. Rd1 Re7 27. Rc6 Re2 28. Bc1 Nh5 29. Rxh6 Ng7 30. Bxf4 Nf5 31. Rh8+ Kb7 32. Rd2 Re1+ 33. Kf2 Ra1 34. Rh7 Rxa3 35. Rxc7+ Kb8 36. Rdc2 Nxd4 37. Rd7+ 1-0

[Event "SN-2013-0-00486"]
[Site "LSS email"]
[Date "2013.01.31"]
[Round "?"]
[White "Ladeira, Paulo Ribeiro Soare"]
[Black "Huseby, Juan Carlos"]
[Result "0-1"]
[WhiteElo "869"]
[BlackElo "582"]
[PlyCount "52"]
[EventDate "2013.01.10"]
[EventType "tourn (corr)"]
[EventRounds "6"]
[EventCountry "GER"]
[SourceTitle "Telechess CBM 161"]
[Source "ChessBase"]
[SourceDate "2014.07.16"]
[SourceVersion "1"]
[SourceVersionDate "2014.07.16"]
[SourceQuality "1"]

1. b4 Nf6 2. Bb2 Ne4 3. Nf3 f6 4. b5 b6 5. e3 d5 6. d3 Ng5 7. d4 Ne4 8. Nbd2 Ng5 9. c4 h5 10. h4 Ne4 11. cxd5 Qxd5 12. Bc4 Qf5 13. Nxe4 Qxe4 14. Rc1 Bg4 15. Bd3 Qd5 16. Rxc7 Nd7 17. Qc1 Bxf3 18. Rc8+ Kf7 19. Qc4 Rxc8 20. Qxc8 Ne5 21. gxf3 Nxd3+ 22. Ke2 Nxb2 23. Qa6 Qc4+ 24. Kd2 Qd3+ 25. Kc1 Nc4 26. Rd1 Qc3+ 0-1

[Event "IECC M1-2013.T006"]
[Site "IECC email"]
[Date "2013.01.26"]
[Round "?"]
[White "Von Rosenberg, Clemens"]
[Black "Ladeira, Paulo Ribeiro Soare"]
[Result "1/2-1/2"]
[WhiteElo "1089"]
[BlackElo "1079"]
[PlyCount "55"]
[EventDate "2013.??.??"]
[EventType "match (corr)"]
[EventRounds "2"]
[SourceTitle "Telechess CBM 165"]
[Source "ChessBase"]
[SourceDate "2015.03.11"]
[SourceVersion "1"]
[SourceVersionDate "2015.03.11"]
[SourceQuality "1"]
[BlackTeam "Brazil"]
[BlackTeamCountry "BRA"]

1. d4 Nf6 2. f4 d5 3. e3 Bf5 4. Bd3 e6 5. Nf3 c5 6. c3 Bd6 7. 0-0 Nc6 8. Re1 Bxd3 9. Qxd3 Ne4 10. Nbd2 f5 11. Nf1 0-0 12. Qc2 c4 13. a4 a5 14. Bd2 Qe7 15. Bc1 Rfb8 16. Qe2 b6 17. Bd2 Qb7 18. Reb1 b5 19. axb5 Qxb5 20. Bc1 a4 21. Qc2 Qb3 22. Qxb3 axb3 23. Ne5 Bxe5 24. fxe5 Ra2 25. Nd2 Rba8 26. Rxa2 Rxa2 27. Nxe4 fxe4 28. Kf2 1/2-1/2

[Event "ZN-2013-0-02189"]
[Site "LSS email"]
[Date "2013.01.24"]
[Round "?"]
[White "Ladeira, Paulo Ribeiro Soare"]
[Black "Brizzi, Eduardo"]
[Result "0-1"]
[WhiteElo "802"]
[BlackElo "1338"]
[PlyCount "34"]
[EventDate "2013.01.21"]
[EventType "match (corr)"]
[EventRounds "2"]
[EventCountry "GER"]
[SourceTitle "Corr 2015"]
[Source "ChessBase"]
[SourceDate "2015.07.17"]
[SourceVersion "1"]
[SourceVersionDate "2015.07.17"]
[SourceQuality "1"]

1. b4 e5 2. Bb2 Bxb4 3. Bxe5 Nf6 4. c4 0-0 5. Nf3 Re8 6. Bb2 d5 7. a3 Ba5 8. cxd5 Nxd5 9. e3 Bf5 10. Be2 c5 11. 0-0 Nc6 12. d4 Qb6 13. Ra2 cxd4 14. Nxd4 Nxe3 15. fxe3 Be6 16. Nxe6 Qxe3+ 17. Kh1 Qxe6 0-1

[Event "SN-2012-0-00480"]
[Site "LSS email"]
[Date "2013.01.05"]
[Round "?"]
[White "Bearce, Harold L"]
[Black "Ladeira, Paulo Ribeiro Soare"]
[Result "0-1"]
[WhiteElo "643"]
[BlackElo "802"]
[PlyCount "32"]
[EventDate "2012.12.12"]
[EventType "tourn (corr)"]
[EventRounds "6"]
[EventCountry "GER"]
[SourceTitle "Corr 2015"]
[Source "ChessBase"]
[SourceDate "2015.07.17"]
[SourceVersion "1"]
[SourceVersionDate "2015.07.17"]
[SourceQuality "1"]

1. e4 e6 2. d4 d5 3. Nc3 Bb4 4. e5 c5 5. a3 Ba5 6. Qg4 Ne7 7. Qxg7 Rg8 8. Qxh7 cxd4 9. b4 dxc3 10. bxa5 Nbc6 11. Qh5 Qxa5 12. Qe2 b5 13. Bf4 b4 14. Qb5 Qxb5 15. Bxb5 Rb8 16. Bg3 Rxb5 0-1

[Event "SN-2012-0-00480"]
[Site "LSS email"]
[Date "2013.01.04"]
[Round "?"]
[White "Lombardi, Donato"]
[Black "Ladeira, Paulo Ribeiro Soare"]
[Result "1-0"]
[WhiteElo "811"]
[BlackElo "802"]
[PlyCount "49"]
[EventDate "2012.12.12"]
[EventType "tourn (corr)"]
[EventRounds "6"]
[EventCountry "GER"]
[SourceTitle "Telechess CBM 159"]
[Source "ChessBase"]
[SourceDate "2014.03.17"]
[SourceVersion "1"]
[SourceVersionDate "2014.03.17"]
[SourceQuality "1"]

1. e4 e6 2. d4 d5 3. exd5 exd5 4. Bd3 c5 5. Nf3 Nc6 6. c3 c4 7. Bc2 Bd6 8. 0-0 Nge7 9. Bg5 f6 10. Bh4 0-0 11. Nbd2 Bf5 12. Re1 Bxc2 13. Qxc2 Qc7 14. Re6 Ng6 15. Bg3 Bxg3 16. hxg3 Rfe8 17. Rae1 Nge5 18. Rxe8+ Rxe8 19. dxe5 fxe5 20. Nd4 Nxd4 21. cxd4 e4 22. Nf3 Kf8 23. Ne5 Qa5 24. Qc1 Qxa2 25. Qf4+ 1-0

[Event "RN-2012-0-00585"]
[Site "LSS email"]
[Date "2013.01.03"]
[Round "?"]
[White "Ladeira, Paulo Ribeiro Soare"]
[Black "Bortnicker, Justin"]
[Result "1-0"]
[WhiteElo "802"]
[BlackElo "859"]
[PlyCount "61"]
[EventDate "2012.12.26"]
[EventType "tourn (corr)"]
[EventRounds "6"]
[EventCountry "GER"]
[SourceTitle "Telechess CBM 159"]
[Source "ChessBase"]
[SourceDate "2014.03.17"]
[SourceVersion "1"]
[SourceVersionDate "2014.03.17"]
[SourceQuality "1"]

1. d4 Nf6 2. c4 d6 3. Nc3 e6 4. e4 Be7 5. Nf3 Bd7 6. Be2 0-0 7. 0-0 Na6 8. Qb3 b6 9. e5 dxe5 10. Nxe5 Bc8 11. Be3 Bb7 12. Qa4 Nb8 13. Rfd1 Nbd7 14. Bf4 Nxe5 15. dxe5 Qe8 16. exf6 Bxf6 17. Qxe8 Rfxe8 18. Bxc7 Re7 19. Rd8+ Rxd8 20. Bxd8 Rd7 21. Bxf6 gxf6 22. Rd1 Re7 23. f4 f5 24. Kf2 f6 25. b4 Kg7 26. c5 Rc7 27. Nb5 Rf7 28. Nd6 Re7 29. Nxb7 Rxb7 30. c6 Rc7 31. Rd7+ 1-0

[Event "LSS SN-2010-0-00216"]
[Site "LSS email"]
[Date "2010.01.22"]
[Round "?"]
[White "Ladeira, Paulo Ribeiro Soare"]
[Black "Gubo, Jozef"]
[Result "0-1"]
[WhiteElo "721"]
[BlackElo "1060"]
[PlyCount "56"]
[EventDate "2010.01.09"]
[EventType "tourn (corr)"]
[EventRounds "6"]
[EventCountry "GER"]
[SourceTitle "Corr 2013"]
[Source "ChessBase"]
[SourceDate "2012.11.12"]
[SourceVersion "1"]
[SourceVersionDate "2012.11.12"]
[SourceQuality "1"]
[WhiteTeam "US of America"]
[BlackTeam "US of America"]
[WhiteTeamCountry "USA"]
[BlackTeamCountry "USA"]

1. d4 e6 2. c4 d5 3. Nc3 Bb4 4. Bd2 dxc4 5. Nf3 Nf6 6. e3 Bxc3 7. Bxc3 Qd5 8. a4 0-0 9. Ne5 b6 10. Nxc4 Ba6 11. b3 Ne4 12. Qc2 Qf5 13. f3 Ng3 14. Bd3 Qh5 15. Rg1 Qxh2 16. 0-0-0 Qh6 17. Qf2 Nf5 18. g4 Qh4 19. Qxh4 Nxh4 20. Rh1 Ng6 21. Be4 c6 22. Kb2 Bxc4 23. bxc4 f5 24. gxf5 exf5 25. Bc2 Nd7 26. d5 Rac8 27. e4 Nge5 28. Rhf1 Nxc4+ 0-1

[Event "LSS SN-2010-0-00216"]
[Site "LSS email"]
[Date "2010.01.22"]
[Round "?"]
[White "Ladeira, Paulo Ribeiro Soare"]
[Black "Ruslin, Alexey"]
[Result "1-0"]
[WhiteElo "737"]
[BlackElo "962"]
[PlyCount "37"]
[EventDate "2010.01.09"]
[EventType "tourn (corr)"]
[EventRounds "6"]
[EventCountry "GER"]
[SourceTitle "Corr 2013"]
[Source "ChessBase"]
[SourceDate "2012.11.12"]
[SourceVersion "1"]
[SourceVersionDate "2012.11.12"]
[SourceQuality "1"]
[WhiteTeam "US of America"]
[BlackTeam "US of America"]
[WhiteTeamCountry "USA"]
[BlackTeamCountry "USA"]

1. d4 e6 2. c4 b6 3. Nf3 Bb7 4. a3 Nf6 5. Nc3 Be7 6. d5 exd5 7. cxd5 d6 8. e4 0-0 9. Bd3 Nbd7 10. 0-0 Qc8 11. b4 Ne5 12. Nd4 c5 13. bxc5 dxc5 14. Nf5 Qc7 15. Bc2 Bc8 16. d6 Bxd6 17. Nb5 Qc6 18. Nbxd6 Rd8 19. Ne7+ 1-0